000 01144nam a22002657a 4500
003 OSt
005 20230315105308.0
007 cr ||||||a|c|a
008 230223s2020 mx a|||fom||| 001 0 spa d
040 _erda
100 1 _9125639
_aHerrera Monroy, Sonia
245 1 _aDiversidad de endomicorrizas y hongos filosféricos en cafetos infestados con roya (Hemileia vastratix) /
_cpor Sonia Herrera Monroy; director de tesis Rogelio Castro Brindis.
264 1 _aChapingo, México :
_bEl autor,
_c2020.
300 _a1 recurso en línea (112 páginas).
_bcuadros, figuras.
336 _2rdacontent
_atexto
_btxt
337 _2rdamedia
_acomputadora
_bc
338 _2rdacarrier
_arecurso en línea
_bcr
502 _bDCH
_cFitotecnia
_d2020.
_gDOC
504 _aIncluye referencias bibliográficas: páginas 93-101.
650 2 _9134394
_aRoya del café
_xControl biológico
650 2 _917139
_aCafé
_xEnfermedades por hongos
700 1 _920333
_aCastro Brindis, Rogelio
_eDirector de tesis.
856 _uhttp://10.13.5.2/tesis/td/2020_FI_Herrera_Monroy_Sonia.pdf
_zDESCARGAR PDF
942 _2Clasificación Universidad Autónoma Chapingo
_cTD
999 _c218441
_d218441